|
|
|
|
| LEADER |
00000cam a2200000 a 4500 |
| 001 |
vtls010545500 |
| 003 |
SK-MaSNL |
| 005 |
20260301174532.0 |
| 007 |
fb a un a |
| 008 |
160430s2013 xo ff 000 j slo |
| 015 |
|
|
|a SNBK2013
|
| 020 |
|
|
|a 9788018019733
|
| 040 |
|
|
|a SNK
|b slo
|c SNK
|e AACR2
|
| 041 |
0 |
|
|a slo
|
| 044 |
|
|
|a xo
|c SK
|
| 072 |
|
7 |
|a 821-93
|x Literatúra pre deti a mládež (beletria)
|2 konspekt
|
| 080 |
|
|
|a 821-93
|2 2001
|
| 080 |
|
|
|a 821(100)-34
|2 2001
|
| 080 |
|
|
|a (02.056.262)
|2 2001
|
| 245 |
0 |
0 |
|a Rozprávky pre chlapcov a dievčatá
|h Braillovo písmo
|c [preložila Ľubica Jakušová ; korektor: Ingrida Richterová]
|
| 250 |
|
|
|a [1. vyd.]
|
| 260 |
|
|
|a Levoča
|b Slovenská knižnica pre nevidiacich Mateja Hrebendu
|c 2013
|
| 300 |
|
|
|a 1 zv. v Braillovom písme
|c 27 x 32 cm
|
| 520 |
8 |
|
|a Rozprávky pre najmenšie deti
|
| 655 |
|
7 |
|a publikácie pre nevidiacich
|2 SNKPH
|9 70695
|
| 655 |
|
7 |
|a publikácie v Braillovom písme
|2 SNKPH
|9 222610
|
| 655 |
|
7 |
|a svetové rozprávky
|2 SNKPH
|9 277435
|
| 655 |
|
7 |
|a publikácie pre deti
|2 SNKPH
|9 70148
|
| 700 |
1 |
|
|a Richterová, Ingrida
|4 pfr
|9 303020
|
| 700 |
1 |
|
|a Jakušová, Ľubica,
|d 1958-
|4 trl
|9 201180
|
| 710 |
2 |
|
|a Slovenská knižnica pre nevidiacich Mateja Hrebendu v Levoči
|4 pbl
|9 249391
|
| 919 |
|
|
|a 978-80-18-01973-3
|
| 958 |
|
|
|a LX
|
| 958 |
|
|
|a SX
|
| 958 |
|
|
|a UP
|
| 958 |
|
|
|a DB
|
| 999 |
|
|
|c 839908
|d 841838
|
| 952 |
|
|
|a SNK
|b SNK
|y PREZ
|7 0
|p 17A1092486
|o snkOSB 17385
|i snk2013/27711
|8 0
|0 0
|1 0
|4 0
|d 2013-11-14
|l 0
|r 2026-02-24 04:07:36
|w 2026-02-24
|